| 000 | 01000nam a2200265 i 4500 | ||
|---|---|---|---|
| 001 | 25570 | ||
| 003 | ES-MaACL | ||
| 005 | 20250820142632.0 | ||
| 007 | t| | ||
| 008 | 021227s1957 sp ||||1| spa d | ||
| 100 | 1 |
_aArmiñán, Luis de, _d1871-1949 _9155857 |
|
| 245 | 1 | 4 |
_aLas hermanas de Cervantes / _cLuis de Armiñan ; [pre]liminar de Luis Astrana Marín ; ilustraciones de Teodoro Miciano. |
| 260 |
_aBarcelona : _bJosé Porter, _c1957 ( _fEmporium) |
||
| 300 |
_a204 p., 1 lám. : _bil. ; _c24 cm. |
||
| 490 | 1 | _aBiblioteca del Palacio de Perelada | |
| 600 | 1 | 4 |
_aCervantes, Andrea. _9155859 |
| 600 | 1 | 4 |
_aCervantes, Luisa. _9155860 |
| 600 | 1 | 4 |
_aCervantes, Magdalena. _9155861 |
| 600 | 1 | 4 |
_aCervantes Saavedra, Miguel de, _d1547-1616- _xFamilia _937610 |
| 700 | 1 |
_aAstrana Marín, Luis. _923693 |
|
| 700 | 1 |
_aMiciano, Teodoro, _d1903-1974 _980944 |
|
| 830 | 0 |
_aBiblioteca del Palacio de Perelada _9227245 |
|
| 852 |
_aES-MaACL _jC-13250 _bR.40955 |
||
| 999 |
_c25570 _d25570 |
||